000 00666nam a2200229 a 4500
001 000044488
003 DO-SdBNP
005 20180323150340.0
007 000044488
008 140703s2007 dr a 000 0 spa d
020 _a9789945160857
040 _aBPMET
_bspa
_cBPMET
092 _axxxx
_bxxxx
100 1 _aPhipps, Miguel
245 1 3 _aLa ranita comilona /
_cMiguel Phipps ; diseƱo e ilustraciones Ohanda Coste.
260 _aSanto Domingo :
_bDe Colores,
_c2007.
300 _a20 p. :
_bil. ;
_c28 cm.
700 1 2 _aCoste, Ohanda
_eil.
942 _2ddc
_cBK
945 _aRemanejado para la BNPHU / 2018 VM
956 _aVMATEO
_b10
_c20150717
_lBPMSU
_h00151
999 _c7718
_d7718